000 00545nam a22001937a 4500
003 KOHA_MİRAKIL
005 20251117171536.0
008 251117b tu ||||| |||| 00| 0 tur d
020 _a9786058215207
040 _aTR-AnABB
_btur
_cTR-AnABB
041 _atur
082 _a813.42
_b813.42
100 1 _aBalçık, Halil İbrahim,
245 1 0 _aSarsıntı /
_cİbrahim Halil Balçık
260 _aİstanbul :
_bMat Kitap Yayıncılık
_c2017
300 _a205 sayfa ;
_c18 cm
650 0 4 _aTürk edebiyatı, roman
942 _2ddc
_cBK
999 _c9498
_d9498
900 _bGizem YORULMAZ